|
|
|
|
| LEADER |
00959nam a22002772a 4500 |
| 001 |
000195874 |
| 003 |
CZ BrMZK |
| 005 |
20060307104236.0 |
| 008 |
970107s1958 xr f cze d |
| 015 |
|
|
|a cnb000437527
|
| 035 |
|
|
|a (OCoLC)85192170
|
| 040 |
|
|
|a BOA001
|b cze
|
| 100 |
1 |
|
|a Terš, Aleš
|7 mzk2010474103
|4 aut
|
| 245 |
1 |
0 |
|a Elektřina a magnetismus.
|n Díl 1. /
|c Aleš Terš
|
| 250 |
|
|
|a Vydání 1.
|
| 260 |
|
|
|a Praha :
|b Státní pedagogické nakladatelství,
|c 1958
|
| 300 |
|
|
|a 145 s.
|
| 490 |
1 |
|
|a Učební texty vysokých škol
|
| 500 |
|
|
|a Ofset.
|
| 710 |
2 |
|
|a Vyšší pedagogická škola (Plzeň, Česko)
|7 ko2001100260
|
| 810 |
2 |
|
|a Vyšší pedagogická škola v Plzni
|t Učební texty
|0 s
|
| 910 |
|
|
|a BOA001
|b PK-N-0002.743,1
|
| 964 |
|
|
|a Magnetismus - učebnice - školy vysoké
|
| 964 |
|
|
|a Elektřina - úvody
|
| 990 |
|
|
|a BK
|
| 996 |
7 |
|
|b 3119931514
|c PK-N-0002.743,1
|l MZK
|r Sklad / do 1 hodiny
|n 0
|w 000195874
|u 000010
|a 1
|e BOA001
|j MZK50
|s A
|